000 00623nam a22001817a 4500
999 _c526385
_d526385
003 NUST
020 _qHBK
038 _aFaiza
082 _a297.87
_bILA
100 _aIlahi, Rehmat
_917385
245 _aKia Men Kafir Hun? : aik Qadiyani Talba ki Zehni Kashmakash /
_cRehmat Ilahi
260 _aIslamabad :
_bAl-Foz academy,
_c2010.
300 _a286 p. ;
880 _6100-01\r
_aرحمت الہٰی
880 _6245-02\r
_aکیا میں کافر ہوں؟ : ایک قادیانی طلبہ کی ذہنی کشمکش /
880 _6260-03\r
_aاسلام آباد :
_bالفوز اکیڈمی,
_c۲۰۱۰.
942 _2ddc
_cBK